Connecticut 100k cities - Statistics

General Stats
  • This quiz has been taken 33 times
  • The average score is 4 of 5
Answer Stats
Hint Answer % Correct
119,669 Hartford
100%
135,319 New Haven
100%
148,028 Bridgeport
93%
136,226 Stamford
73%
114,990 Waterbury
67%
No matching quizzes found
Score Distribution
Percent of People with Each Score
Percentile by Number Answered
Your Score History
You have not taken this quiz